000
00294nam a2200097Ia 4500
008
220216s9999 xx 000 0 und d
245
0
_a
Planting recommendation in the IRRDB member countries (1999-2005)
260
_b
IRRDB Annual Report 2001, pp.20-27
650
_a
Planting material
942
_c
JS
999
_c
65169
_d
65169